Statistiques concernant Personnages de fiction en images - O

Cliquez ici pour prendre le quiz!

Statistiques générales

  • Ce quiz a été pris 25 309 fois
  • Le résultat moyen est 9 sur 16

Statistiques - réponses

Réponse% Correct
Obelix
100%
Oui-Oui
98%
Olaf
94%
Oggy
89%
Olivier Atton
78%
Obi-Wan Kenobi
75%
Osiris
61%
Onix
60%
Optimus Prime
52%
Odie
37%
Odin
37%
Ordralfabétix
29%
Olympe Maxime
25%
Orion
25%
Œdipe
24%
Oogie Boogie
10%

Distribution des résultats

Percentile par nombre de réponses

% des personnes avec chaque résultat

Votre développement - résultats

Vous n’avez pas pris ce quiz